000 00827nab a2200241 u 4500
001 15295
003 HDC
007 cr bn ---aaaaa
008 210218c xx dr|noo 0 a eng d
040 _aHDC
245 0 _aAuckland hosts 6th UAE-New Zealand Joint Economic Committee
260 _a[No place] :
_b[publisher not identified],
_c[no date]
336 _atext
_2rdacontent
337 _acomputer
_2rdamedia
338 _aonline resource
_2rdacarrier
650 _aEconomics
_xReligious aspects
_xIslam
_9440
650 _aood industry and trade
_915555
710 _aDubai Forum
856 _zRequest full-text at [email protected]
942 _2lcc
942 _cNEWS
942 _kNWSO 004215
999 _c12611
_d12611